|
|
|
|
| LEADER |
00000nam0a2200000 4500 |
| 001 |
262167 |
| 005 |
20231101233628.0 |
| 010 |
|
|
|a 9785941784158
|
| 035 |
|
|
|a (RuTPU)RU\TPU\book\285149
|
| 090 |
|
|
|a 262167
|
| 100 |
|
|
|a 20140530d2014 m y0rusy50 ca
|
| 101 |
0 |
|
|a rus
|
| 102 |
|
|
|a RU
|
| 105 |
|
|
|a a ej 000zy
|
| 200 |
1 |
|
|a Геополитика. Словарь персоналий
|e учебное пособие
|f А. А. Городилов
|
| 210 |
|
|
|a Старый Оскол
|c ТНТ
|d 2014
|
| 215 |
|
|
|a 356 с.
|c ил.
|
| 330 |
|
|
|a В словаре представлены краткие биографические данные и основные положения учений наиболее известных представителей геополитической мысли с древнейших времён до сегодняшнего дня. Предназначен для студентов социально-гуманитарного профиля, преподавателей общественных дисциплин и всех интересующихся историей и современным состоянием геополитики.
|
| 606 |
1 |
|
|a Геополитика
|x Теория
|2 stltpush
|3 (RuTPU)RU\TPU\subj\6221
|9 34155
|
| 610 |
1 |
|
|a политика
|
| 610 |
1 |
|
|a история
|
| 610 |
1 |
|
|a геополитическая мысль
|
| 610 |
1 |
|
|a геополитические школы
|
| 610 |
1 |
|
|a геополитические концепции
|
| 610 |
1 |
|
|a персоналии
|
| 610 |
1 |
|
|a биографии
|
| 610 |
1 |
|
|a словари
|
| 686 |
|
|
|a Ф011.6я2
|v LBC/SL-A
|2 rubbk
|
| 700 |
|
1 |
|a Городилов
|b А. А.
|g Анатолий Алексеевич
|
| 801 |
|
1 |
|a RU
|b 63413507
|c 20140530
|
| 801 |
|
2 |
|a RU
|b 63413507
|c 20140902
|g RCR
|
| 942 |
|
|
|c BK
|
| 959 |
|
|
|a 94/20140530
|d 2
|e 460,00
|f ЧЗГЛ:1
|f АНЛ:1
|